QUANTITATIVE MANAGEMENT OF BOND PORTFOLIOS (Record no. 6735)

MARC details
000 -LEADER
fixed length control field 00382nam a2200121Ia 4500
008 - FIXED-LENGTH DATA ELEMENTS--GENERAL INFORMATION
fixed length control field 250327s9999 xx 000 0 und d
020 ## - INTERNATIONAL STANDARD BOOK NUMBER
International Standard Book Number 9780691202778
082 ## - DEWEY DECIMAL CLASSIFICATION NUMBER
Item number DYN
Classification number CQR
100 ## - MAIN ENTRY--PERSONAL NAME
Personal name LEV DYNKIN, ANTHONY GOULD, JAY HYMAN, VADIM KONSTANTINOVSKY & BRUCE PHELPS
9 (RLIN) 34054
245 #0 - TITLE STATEMENT
Title QUANTITATIVE MANAGEMENT OF BOND PORTFOLIOS
260 ## - PUBLICATION, DISTRIBUTION, ETC.
Name of publisher, distributor, etc. PRINCETON UNIVERSITY PRESS
942 ## - ADDED ENTRY ELEMENTS (KOHA)
Koha item type Book
Holdings
Date last seen Total Checkouts Full call number Barcode Cost, replacement price Price effective from Koha item type Lost status Damaged status Not for loan Withdrawn status Home library Current library Shelving location Date acquired Cost, normal purchase price
03/27/2025   332.6323 DYN 002405 12090.75 03/27/2025 Book         Indian Institute of Management Visakhapatnam Indian Institute of Management Visakhapatnam   03/27/2025 12090.75

Copyright © 2024 Indian Institute of Management Visakhapatnam
Koha v23.05